[Event "Let's Play Chess!"]
[Site "http://www.queenalice.com/game.php?id=867757"]
[Date "2010.12.5"]
[Round "-"]
[White "chessie_james1"]
[Black "sioux"]
[Result "0-1"]
[WhiteElo "1723"]
[BlackElo "1598"]

1. e4 e5 2. f4 Nc6 3. f5 Nf6 4. d3 Bb4+ 5. Bd2 Bc5 6. Nf3 O-O 7. Be2 Ng4 8. Qc1
Bf2+ 9. Kf1 Bb6 10. Nc3 Nf6 11. Be3 Bxe3 12. Qd1 Bb6 13. Qd2 Nd4 14. Nxd4 Bxd4
15. Nd1 d6 16. c3 Bc5 17. Ne3 Bxe3 18. Qxe3 c6 19. Ke1 b5 20. Kd2 a5 21. a3 a4
22. g4 d5 23. h3 dxe4 24. Ke1 exd3 25. Bxd3 e4 26. Be2 Bb7 27. Rd1 Qe7 28. Kf2
Rfd8 29. Rd4 Rxd4 30. Qxd4 Rd8 31. Qe3 Qd7 32. Rd1 Qc7 33. Rxd8+ Qxd8 34. Ke1 h6
35. c4 Ba6 36. cxb5 cxb5 37. b4 Qc8 38. Kf2 Qc2 0-1

[Event "Challenge"]
[Site "http://www.queenalice.com/game.php?id=871101"]
[Date "2010.12.12"]
[Round "-"]
[White "ajr"]
[Black "chessie_james1"]
[Result "0-1"]
[WhiteElo "1488"]
[BlackElo "1668"]

1. d4 d5 2. c4 e6 3. c5 c6 4. Nf3 Nf6 5. Bg5 Nbd7 6. Ne5 Be7 7. Nxd7 Bxd7 8.
Bxf6 Bxf6 9. b4 b5 10. e3 a5 11. Qb3 axb4 12. Qxb4 Ra4 13. Qb3 Qa5+ 14. Qc3 Rb4
15. Kd2 Rb2+ 16. Kd3 Qxc3+ 17. Nxc3 Rxf2 18. g4 e5 19. Re1 e4+ 20. Nxe4 dxe4+
21. Kxe4 Bxg4 22. Re2 Bf5# 0-1

[Event "Christmas Challenge"]
[Site "http://www.queenalice.com/game.php?id=871104"]
[Date "2010.12.12"]
[Round "-"]
[White "chessie_james1"]
[Black "GingerFox"]
[Result "1-0"]
[WhiteElo "1598"]
[BlackElo "1409"]

1. e4 e5 2. f4 Nf6 3. Nf3 exf4 4. d3 g6 5. Bxf4 Bg7 6. Be2 O-O 7. O-O Nc6 8. Nc3
b6 9. Qd2 h6 10. Bxh6 Ng4 11. Bxg7 Kxg7 12. Ng5 Nge5 13. Rf2 f6 14. Raf1 d6 15.
Nd5 Nd4 16. Bd1 Bb7 17. Ne6+ Nxe6 18. Nxf6 Kf7 19. Nd7+ Ke8 20. Nxf8 Nxf8 21.
Rxf8+ Ke7 22. Qg5+ Kd7 23. Rxd8+ Rxd8 24. Be2 Re8 25. d4 Nc6 26. Bg4+ Re6 27.
Rf7+ Ne7 28. Qxe7+ Kc6 29. Qd7# 1-0

[Event "Challenge"]
[Site "http://www.queenalice.com/game.php?id=876259"]
[Date "2010.12.24"]
[Round "-"]
[White "genethetrucker"]
[Black "chessie_james1"]
[Result "0-1"]
[WhiteElo "1606"]
[BlackElo "1748"]

1. e4 c5 2. Nf3 d6 3. Bc4 a6 4. c3 Nf6 5. d3 b5 6. Bb3 Nbd7 7. Be3 Bb7 8. Nbd2
e6 9. O-O Be7 10. Re1 Rc8 11. Bg5 O-O 12. e5 dxe5 13. Ne4 Nxe4 14. dxe4 f6 15.
Be3 Bxe4 16. Nd2 Bf5 17. f4 c4 18. Bc2 Bxc2 19. Qxc2 exf4 20. Bxf4 Qb6+ 21. Be3
Qb7 22. Nf3 e5 23. Rad1 Nc5 24. Bf2 Nd3 25. Re2 Nxf2 26. Kxf2 Bc5+ 27. Kf1 Qf7
28. Red2 Qe6 29. Qe4 Qb6 30. Ke2 Rfd8 31. Rd5 Be7 32. Nh4 g6 33. Nxg6 hxg6 34.
Qxg6+ Kf8 35. Qh6+ Kg8 36. Qg6+ Kf8 37. h4 Rxd5 38. Rxd5 Qe6 39. Qh6+ Ke8 40.
Qh8+ Bf8 41. Qh5+ Qf7 42. Qf3 Qg6 43. Rd2 Qh7 44. g3 Qg6 45. Qg2 Qg4+ 46. Ke1
Qe6 47. Qb7 Qc6 48. Qxc6+ Rxc6 49. Rf2 Kf7 50. Rf5 Bh6 51. g4 Ke6 52. h5 Bf4 53.
Ke2 Rd6 0-1

[Event "Challenge"]
[Site "http://www.queenalice.com/game.php?id=876273"]
[Date "2010.12.24"]
[Round "-"]
[White "SalsaQueen"]
[Black "chessie_james1"]
[Result "0-1"]
[WhiteElo "1676"]
[BlackElo "1723"]

1. d4 d5 2. Nc3 e6 3. Nf3 Nf6 4. h3 Be7 5. Bg5 c6 6. a3 Nbd7 7. Bxf6 Nxf6 8. e3
O-O 9. Ne5 c5 10. dxc5 Bxc5 11. b4 Bd6 12. Nf3 a6 13. b5 axb5 14. Nxb5 Bc5 15.
Bd3 Qa5+ 16. Nd2 Bd7 17. Nc3 Qxc3 18. Qc1 Bxa3 19. Qb1 Bb4 20. Qd1 Rxa1 21. O-O
Qxd2 22. Qxa1 Qc3 0-1

[Event "Challenge"]
[Site "http://www.queenalice.com/game.php?id=876274"]
[Date "2010.12.24"]
[Round "-"]
[White "chessie_james1"]
[Black "Football_rules"]
[Result "0-1"]
[WhiteElo "1659"]
[BlackElo "1649"]

1. e4 e5 2. f4 Nc6 3. Nf3 exf4 4. Bc4 Nf6 5. Nc3 a6 6. O-O d6 7. h3 h6 8. d4 Nh5
9. Nd5 Ng3 10. Re1 g5 11. Nxf4 gxf4 12. Bxf4 Nh5 13. Qd2 Rg8 14. Bxh6 Bxh3 15.
Bxf7+ Kxf7 16. Ng5+ Ke7 17. Bxf8+ Qxf8 18. Nxh3 Kd7 19. Rf1 Qg7 20. Rf2 Ng3 21.
Re1 Rae8 22. Rf4 Nxd4 23. Qf2 Kc8 24. c3 Ne6 25. Rf3 Nh5 26. Qd2 Nc5 27. Rfe3
Qe5 28. Qc2 Rg7 29. b4 Ne6 30. Rf1 Reg8 31. Rf2 Nhf4 0-1

[Event "Challenge"]
[Site "http://www.queenalice.com/game.php?id=877974"]
[Date "2010.12.28"]
[Round "-"]
[White "sioux"]
[Black "chessie_james1"]
[Result "0-1"]
[WhiteElo "1580"]
[BlackElo "1643"]

1. e4 c5 2. d3 d6 3. Nf3 Nf6 4. Bg5 Nbd7 5. Nc3 a6 6. Be2 e6 7. a3 b5 8. b4 Be7
9. O-O Bb7 10. Bxf6 Bxf6 11. h3 Bxc3 12. Rb1 O-O 13. Rb3 Bf6 14. c3 Rc8 15. Qd2
h6 16. Bd1 Nb6 17. Rb2 Re8 18. Ra2 Na4 19. Bxa4 bxa4 20. d4 cxd4 21. cxd4 Bxe4
22. Qd1 Bxf3 23. Qxf3 Bxd4 24. Qb7 Qb6 25. Qf3 Rc7 26. Rd2 Rec8 27. Qf4 Be5 28.
Qe4 Qb5 29. Rd3 Rc3 30. Rxc3 Rxc3 31. Qa8+ Kh7 32. Qe4+ g6 33. Ra1 Rc4 34. Qa8
Bxa1 35. Qf8 Rf4 36. Qxd6 Be5 37. Qd1 Rd4 38. Qa1 Qd5 0-1

[Event "Challenge"]
[Site "http://www.queenalice.com/game.php?id=886073"]
[Date "2011.1.14"]
[Round "-"]
[White "chessie_james1"]
[Black "Nikita"]
[Result "1-0"]
[WhiteElo "1601"]
[BlackElo "1537"]

1. e4 e5 2. f4 g6 3. Nf3 f6 4. Bc4 exf4 5. O-O f5 6. Qe2 Bc5+ 7. d4 b5 8. exf5+
Qe7 9. dxc5 bxc4 10. Qxc4 Ba6 11. Qd4 Qe2 12. Re1 Qxe1+ 13. Nxe1 Nf6 14. Qxf6
Rf8 15. Qe5+ Kd8 16. Bxf4 Nc6 17. Bg5+ Kc8 18. Qg7 Re8 19. Nf3 Be2 20. Nbd2 Rb8
21. Qf7 Kb7 22. f6 Rf8 23. Qxd7 Rbd8 24. Qe6 Bb5 25. Re1 Nd4 26. Nxd4 Rxd4 27.
Qe7 Rdd8 28. f7 a6 29. Bh6 Rxf7 30. Qxd8 a5 31. Qd5+ Bc6 32. Qxf7 Ba4 33. Re7
Bxc2 34. Rxc7+ Ka6 35. Qc4# 1-0

[Event "Challenge"]
[Site "http://www.queenalice.com/game.php?id=894549"]
[Date "2011.2.2"]
[Round "-"]
[White "Pepe_chaves"]
[Black "chessie_james1"]
[Result "0-1"]
[WhiteElo "1606"]
[BlackElo "1680"]

1. e4 c5 2. d4 cxd4 3. Qxd4 Nc6 4. Qd1 a6 5. Nc3 d6 6. Bc4 e6 7. Nf3 Nf6 8. e5
dxe5 9. Qxd8+ Kxd8 10. Bg5 Be7 11. O-O-O+ Bd7 12. Rd2 Kc7 13. Rhd1 Rad8 14. a3
Bc8 15. Bh4 Rxd2 16. Rxd2 h6 17. Bg3 Bd6 18. h3 Rd8 19. Bd3 Nd5 20. Ne4 f6 21.
Bc4 Nce7 22. h4 b5 23. Bb3 Bb7 0-1

[Event "Challenge"]
[Site "http://www.queenalice.com/game.php?id=895824"]
[Date "2011.2.4"]
[Round "-"]
[White "chessie_james1"]
[Black "izabela"]
[Result "1-0"]
[WhiteElo "1708"]
[BlackElo "1500"]

1. e4 e5 2. f4 exf4 3. Nf3 Bc5 4. d4 Bf8 5. Bc4 Nf6 6. Nc3 Bb4 7. O-O O-O 8.
Bxf4 d6 9. e5 dxe5 10. Nxe5 Re8 11. Bxf7+ Kf8 12. Bxe8 Qxe8 13. Ne2 Bg4 14. Nxg4
Nxg4 15. Bd6+ Kg8 16. Bxb4 Qf7 17. Rxf7 Kxf7 18. Ng3 Nc6 19. c3 Ne7 20. Qxg4 Rf8
21. Rf1+ Ke8 22. Qe6 c5 23. Re1 Rf7 24. Nf5 cxb4 25. Nd6+ Kd8 26. Qxf7 Kd7 27.
Qxe7+ Kc6 28. Re5 1-0

[Event "Challenge"]
[Site "http://www.queenalice.com/game.php?id=899623"]
[Date "2011.2.12"]
[Round "-"]
[White "Andrei_78"]
[Black "chessie_james1"]
[Result "0-1"]
[WhiteElo "1748"]
[BlackElo "1752"]

1. e4 c5 2. c4 Nc6 3. d3 d6 4. Nf3 Nf6 5. a3 Bg4 6. h3 Bxf3 7. Qxf3 Nd4 8. Qd1
e6 9. Be3 Nc6 10. Be2 Be7 11. Bf3 h6 12. O-O O-O 13. Qb3 b6 14. Qc3 Nd7 15. e5
Ndxe5 16. Bxc6 Nxc6 17. Nd2 Bf6 18. Qc2 Bd4 19. Bxd4 Nxd4 20. Qd1 Qf6 21. Ne4
Qe5 22. Re1 d5 23. Nxc5 Qc7 24. Na6 Qc8 25. Nb4 a5 26. Nc2 Nxc2 27. Qxc2 a4 28.
Qc3 dxc4 29. Qxc4 Qd7 30. Qe4 b5 31. Rac1 Rab8 32. Rc6 Rfd8 33. Rd1 Qd4 34. Qxd4
Rxd4 35. b4 axb3 36. Rcc1 Ra4 37. Rb1 Rxa3 38. d4 Rd8 39. Rd3 Rb8 40. Rdxb3 Rxb3
41. Rxb3 Kf8 42. g4 g5 43. Kg2 Ke7 44. Kg3 Kd6 45. Kf3 Kd5 46. Ke3 Kc4 47. Rb1
Kc3 48. f3 b4 49. Rc1+ Kb2 50. Rc7 b3 51. Kd3 Kb1 52. Kd2 Ra8 53. Kc3 b2 54. Rb7
Ra2 55. Rxf7 Ka1 56. Rb7 b1=Q 57. Rxb1+ Kxb1 58. Kc4 Kc2 59. Kc5 Kd3 60. Kd6
Ra6+ 61. Ke5 Ke3 62. d5 exd5 63. Kxd5 Kxf3 64. Ke5 Kg3 65. Kf5 Kxh3 66. Ke4 Kxg4
67. Ke3 Rf6 68. Ke4 Rf5 69. Ke3 Rf4 70. Ke2 Rf3 71. Ke1 h5 72. Ke2 h4 0-1

[Event "Challenge"]
[Site "http://www.queenalice.com/game.php?id=902626"]
[Date "2011.2.19"]
[Round "-"]
[White "tana"]
[Black "chessie_james1"]
[Result "1-0"]
[WhiteElo "1735"]
[BlackElo "1713"]

1. e4 c5 2. Nf3 d6 3. Nc3 a6 4. Bc4 e6 5. d3 b5 6. Bb3 Nf6 7. O-O Nbd7 8. Bf4
Be7 9. Qd2 O-O 10. Rae1 Bb7 11. e5 Bxf3 12. exf6 Nxf6 13. gxf3 d5 14. a3 Bd6 15.
Bg3 Qc7 16. d4 cxd4 17. Qxd4 Rfd8 18. f4 Nh5 19. Bh4 Re8 20. Ne2 g6 21. c3 Nxf4
22. Nxf4 Bxf4 23. Bg3 Bd6 24. Bc2 Rac8 25. Rc1 Qc5 26. Qd2 Bxg3 27. hxg3 Qb6 28.
Kg2 Qc6 29. Rh1 d4+ 30. f3 dxc3 31. Qh6 1-0

[Event "Challenge"]
[Site "http://www.queenalice.com/game.php?id=916193"]
[Date "2011.3.23"]
[Round "-"]
[White "chessie_james1"]
[Black "Pepe_chaves"]
[Result "1-0"]
[WhiteElo "1751"]
[BlackElo "1747"]

1. e4 e5 2. f4 Nc6 3. Nf3 exf4 4. Bc4 g6 5. O-O Bd6 6. d4 f6 7. Nc3 a6 8. Qe2
Nge7 9. Nd5 Nxd5 10. Bxd5 Qe7 11. Qc4 b5 12. Qb3 Bb7 13. Bd2 O-O-O 14. Qd3 g5
15. a3 Qg7 16. Bxc6 Bxc6 17. Bc3 g4 18. Nh4 f3 19. Nf5 Qg6 20. Nxd6+ cxd6 21.
Ba5 Kb8 22. Bxd8 Rxd8 23. d5 Bb7 24. g3 Qh6 25. h4 gxh3 26. Kh2 Rg8 27. Rxf3 Rg5
28. Raf1 Rg6 29. Qe3 Qxe3 30. Rxe3 Rh6 31. Ref3 Kc7 32. Rxf6 Rh5 33. R1f5 Rxf5
34. Rxf5 Kb6 35. b4 Kc7 36. Kxh3 h6 37. Rh5 Kd8 38. Rxh6 Ke7 39. Rh7+ Kf6 40.
Kh4 1-0

[Event "Challenge"]
[Site "http://www.queenalice.com/game.php?id=922433"]
[Date "2011.4.6"]
[Round "-"]
[White "avian"]
[Black "chessie_james1"]
[Result "1-0"]
[WhiteElo "1725"]
[BlackElo "1774"]

1. d4 d5 2. c4 e6 3. Nc3 Nf6 4. Nf3 c6 5. e3 Nbd7 6. Bd3 Bb4 7. O-O Bxc3 8. bxc3
O-O 9. Qc2 h6 10. Re1 a6 11. c5 b5 12. cxb6 Qxb6 13. Ba3 Re8 14. Bd6 c5 15. Bf4
c4 16. Be2 Ne4 17. Reb1 Qa5 18. Ne5 Nxe5 19. Bxe5 Qd8 20. Bf3 Nd6 21. Bh5 Nb5
22. e4 Na3 23. Qe2 Bb7 24. Rxb7 Re7 25. Rxe7 Qxe7 26. Qg4 f6 27. Bg3 Nb5 28. Rc1
Nd6 29. e5 Nf5 30. Bf4 g5 31. exf6 Qxf6 32. Be5 Qe7 33. Bg6 Rf8 34. Rb1 Qa3 35.
Bxf5 exf5 36. Qh5 Kh7 37. Rb7+ 1-0

[Event "Challenge"]
[Site "http://www.queenalice.com/game.php?id=927837"]
[Date "2011.4.19"]
[Round "-"]
[White "ORNELAS"]
[Black "chessie_james1"]
[Result "0-1"]
[WhiteElo "1643"]
[BlackElo "1734"]

1. e4 c5 2. e5 d6 3. Nf3 a6 4. d4 cxd4 5. Qxd4 Nc6 6. Qc3 dxe5 7. Nxe5 e6 8. Qf3
Nxe5 9. Qe4 Nc6 10. c3 Nf6 11. Bc4 Nxe4 12. Be3 b5 13. Be2 Bb7 14. O-O Bd6 15.
Bf3 Ne5 16. Bd4 Nxf3+ 17. gxf3 Ng5 18. f4 Nf3+ 19. Kg2 Nxd4+ 20. Kh3 Nf5 21. f3
Qh4+ 22. Kg2 Ne3+ 23. Kg1 Nxf1 24. Kxf1 Bxf3 25. Nd2 Bc5 26. Nxf3 Qf2# 0-1

[Event "Challenge"]
[Site "http://www.queenalice.com/game.php?id=935547"]
[Date "2011.5.8"]
[Round "-"]
[White "Ginormous"]
[Black "chessie_james1"]
[Result "0-1"]
[WhiteElo "1542"]
[BlackElo "1770"]

1. e4 c5 2. Nf3 d6 3. d4 cxd4 4. Nxd4 a6 5. Nc3 Nf6 6. Bg5 e6 7. f4 Be7 8. Qf3
Nbd7 9. O-O-O O-O 10. Bc4 Rb8 11. Bxe6 fxe6 12. Nxe6 Qe8 13. Nxf8 Nxf8 14. Qe3
Ng4 0-1

[Event "Challenge"]
[Site "http://www.queenalice.com/game.php?id=935548"]
[Date "2011.5.8"]
[Round "-"]
[White "ORNELAS"]
[Black "chessie_james1"]
[Result "0-1"]
[WhiteElo "1686"]
[BlackElo "1793"]

1. e4 c5 2. e5 Nc6 3. Nf3 a6 4. c3 b5 5. a3 Bb7 6. d3 e6 7. Bg5 Be7 8. Be3 d5 9.
Nbd2 Qc7 10. d4 cxd4 11. cxd4 Bd8 12. Bg5 Nge7 13. Be2 Nf5 14. Bxd8 Qxd8 15. O-O
Nfxd4 16. Nxd4 Nxd4 17. Nf3 Nc6 18. Bd3 Qc7 19. b4 Nxe5 20. Nxe5 Qxe5 21. Re1
Qf6 22. Qg4 Rc8 23. Qh5 h6 24. Ra2 Qc3 25. Qe2 O-O 26. h3 Qf6 27. Rc2 Rxc2 28.
Qxc2 Rc8 29. Qb1 Qg5 30. f3 Qf4 31. Bh7+ Kf8 32. Bd3 Qg3 33. Rf1 f6 34. Be2 e5
35. Qh7 d4 36. Qf5 Ke7 37. Qb1 Rc3 38. Qa2 Bc8 39. Qg8 Bxh3 40. Rf2 Be6 41. Qa8
Rxa3 42. Qb7+ Bd7 43. Qd5 Rc3 44. Qb7 Rc6 45. Qa7 Kd6 46. Qb8+ Ke7 47. Qa7 Qg6
48. Bf1 Qe8 49. Bxb5 axb5 50. Ra2 Qc8 51. Qa3 Rc3 52. Qb2 Qb7 53. Qb1 Kf7 54.
Rf2 Qc7 55. g4 Rc1+ 56. Qxc1 Qxc1+ 57. Kg2 d3 58. Rf1 Qc2+ 59. Kg3 g5 60. Rh1
Kg6 61. Rh2 Qxh2+ 62. Kxh2 d2 63. Kg2 d1=Q 64. Kf2 Bc6 65. Kg2 Qxf3+ 66. Kg1
Qg2# 0-1

[Event "Challenge"]
[Site "http://www.queenalice.com/game.php?id=936482"]
[Date "2011.5.10"]
[Round "-"]
[White "JD"]
[Black "chessie_james1"]
[Result "0-1"]
[WhiteElo "1686"]
[BlackElo "1779"]

1. c3 d5 2. Qb3 Nf6 3. e3 c5 4. c4 Nc6 5. a4 b6 6. Nf3 a5 7. cxd5 Nxd5 8. Ng5 e6
9. e4 Nd4 10. Qd3 Nb4 11. Qg3 Nbc2+ 12. Kd1 Nxa1 13. Qf4 f6 14. Nf3 Nab3 15. Bc4
Nxf3 16. Bxb3 Ne5 17. g4 Nd3 18. Qe3 Nxc1 19. Kxc1 Qd4 20. Qe2 Ba6 21. Qd1 c4
22. Bc2 Qxf2 23. b3 Rc8 24. bxc4 Bxc4 25. d3 Ba2 26. Nd2 Ba3# 0-1

[Event "Challenge"]
[Site "http://www.queenalice.com/game.php?id=938404"]
[Date "2011.5.15"]
[Round "-"]
[White "Pepe_chaves"]
[Black "chessie_james1"]
[Result "1-0"]
[WhiteElo "1822"]
[BlackElo "1805"]

1. e4 c5 2. Bc4 d6 3. Nc3 a6 4. d4 cxd4 5. Qxd4 Nc6 6. Qe3 e6 7. Nf3 b5 8. Bd3
Nf6 9. h3 Be7 10. a3 h6 11. Bd2 Bb7 12. O-O O-O 13. Qf4 Rb8 14. Ne2 Nd7 15. Qg3
e5 16. Bxh6 Bf6 17. Qg4 Ne7 18. Bg5 Ng6 19. Qh5 Bxg5 20. Nxg5 Nf6 21. Qf3 Nh7
22. Nxh7 Kxh7 23. Qf5 Bc8 24. Qh5+ Kg8 25. g3 Bd7 26. Kh2 Qe8 27. Ng1 f6 28. Nf3
Ne7 29. Qxe8 Rfxe8 30. Rad1 Rb6 31. Be2 Nc8 32. Nh4 Kf7 33. Bh5+ 1-0